000 00627cam a22002411 4500
001 sa 68003126
003 DLC
005 20260227112450.0
008 890629s1967 ii b 000 0 hino
010 _asa 68003126
035 _a(OCoLC)19949446
040 _aDLC
_cWaU
_dDLC
042 _apremarc
043 _aa-ii---
050 0 0 _aDS423
_b.V483
100 1 _aVidyalankar, Satyaketu,
_d1903-
245 1 0 _aBhāratīya saṃskr̥ti aura usakā itihāsa.
260 _c1968 [i.e. 1967]
300 _a664 p.
_c22 cm.
500 _aIn Hindi.
504 _aBibliography: p. [661]-664.
651 0 _aIndia
_xCivilization.
999 _c79255
_d79255